| 000 | 00559nam a2200133Ia 4500 | ||
|---|---|---|---|
| 008 | 220216s9999 xx 000 0 und d | ||
| 100 | _aJacob C K | ||
| 245 | 0 | _aManagement of microorganisms and insects for cost reduction in rubber plantations | |
| 260 | _bGlobal Competitiveness of Indian Rubber Plantation Industry : Rubber Planters Conference, India 2002. (Eds. C. Kuruvilla Jacob). Rubber Research Institute of India, Kottayam, Kerala, pp.283-297. | ||
| 650 | _aCost reduction | ||
| 650 | _aMicroorganisms | ||
| 650 | _aRubber plantations | ||
| 942 | _cJS | ||
| 999 |
_c62430 _d62430 |
||